| 000 | 00745nam a22002417a 4500 | ||
|---|---|---|---|
| 008 | 131110b xxu||||| |||| 00| 0 eng d | ||
| 020 | _a984-08-0121-x | ||
| 024 | _cAvailalbe | ||
| 037 | _cAvailalbe | ||
| 040 |
_aMBSTU LIBRARY _dMBSTU LIBRARY |
||
| 082 |
_222 _a342.0878 SAW |
||
| 100 | S | _aSarker,Lotika. | |
| 245 | _aWomen and law contemporary problems. | ||
| 260 |
_aDhaka _bAcademic Publications. _c1994 |
||
| 300 |
_a22 cm. _b272 page _f1 _g22 cm. |
||
| 600 | _2Constitutional law-women. | ||
| 650 | _2Constitutional law-women. | ||
| 700 | _aConstitutional law-women. | ||
| 270 |
_aDhaka _bDhaka _dBangladesh. |
||
| 365 |
_b300.00 _d300.00 |
||
| 942 |
_2ddc _cBK |
||
| 999 |
_c811 _d811 |
||